000 00445nam a2200169Ia 4500
003 GCL
008 140319s9999 xx 000 0 eng d
040 _aGCL /
_cGCL
082 0 4 _a736.4
_bJ W
100 1 _aJOHNSTONE, JAMES B.
245 1 0 _aWOOD CARVING: TECHNIQUES & PROJECTS /
_cJOHNSTONE, JAMES B.
260 _a[S.N] :
_bLANE PUBLISHING CO. ،
_c1971
300 _a80 P
650 0 4 _aDECORATION
650 0 4 _aWOOD WORK
942 _2ddc
_cBK
999 _c21460
_d21460